| 000 | 00777nam a2200217Ia 4500 | ||
|---|---|---|---|
| 003 | 0 | ||
| 005 | 20250128111938.0 | ||
| 008 | 150126s9999 xx 000 0 und d | ||
| 050 |
_aPGS PN 1992.8.T4 _b.L732 2014 |
||
| 100 | _aLim, Hyuk Jin. | ||
| 245 |
_aTelevision viewing and eating habits / _cHyuk Jin Lim. |
||
| 260 |
_aLas PiƱas City, Philippines : _bSouthville International School and Colleges, _c2014. |
||
| 300 |
_a22 p. : _bill. ; _c28 cm. |
||
| 504 | _aIncludes bibliographical references. | ||
| 650 | _aSocialization. | ||
| 650 |
_aTelevision and children _vPsychological aspects. |
||
| 650 |
_aTelevision viewing _vEffects on children. |
||
| 650 | _aEating habits of children. | ||
| 650 |
_aNutrition _vStudy and teaching (Elementary). |
||
| 942 |
_2lcc _cPASS |
||
| 999 |
_c278601 _d278601 |
||